[Event "DVM U14 2012"]
[Site "Magdeburg GER"]
[Date "2012.12.27"]
[Round "2"]
[White "Fieberg, Samuel"]
[Black "Reimann, Sebastian"]
[Result "1-0"]
[Termination "normal"]
[Board "1.2"]
[WhiteElo "1907"]
[BlackElo "1625"]
[WhiteTeam "SG Porz"]
[BlackTeam "SK 1908 Göggingen"]
[WhiteFideId "12901717"]
[BlackFideId "12928054"]
[EventCountry "GER"]
[EventRounds "7"]
[EventType "team-swiss"]
[EventDate "2012.12.26"]

1. e4 e5 2. Nf3 Nc6 3. Bc4 Bc5 4. c3 Nf6 5. d3 a6 6. Bb3 d6 7. Nbd2 O-O 8. O-O
Bd7 9. h3 h6 10. Re1 Be6 11. Nf1 Re8 12. Ng3 Rb8 13. Be3 Qd7 14. Nh4 Rbd8 15.
Qf3 Bxe3 16. fxe3 Nh7 17. Nhf5 Ng5 18. Qh5 Bxb3 19. axb3 Qe6 20. Rf1 Qg6 21.
Qh4 Ne6 22. d4 Ng5 23. Rae1 Ne7 24. Qg4 Ne6 25. Qf3 Ng5 26. Qf2 f6 27. d5 Nxf5
28. exf5 Qf7 29. h4 Nh7 30. e4 a5 31. Ra1 b6 32. Qe2 Ra8 33. Ra3 Rec8 34. c4
Qe8 35. Nh5 Kh8 36. b4 axb4 37. Rg3 Rd8 38. Nxg7 Qf7 39. Ne6 Rg8 40. Rff3 Qh5
41. Qf2 Ra1+ 42. Kh2 Qxh4+ 43. Rh3 Qxf2 44. Rxf2 Rc1 45. Rxh6 b3 46. Rf3 Rc2
47. Rxh7+ 1-0

[Event "DVM U14 2012"]
[Site "Magdeburg GER"]
[Date "2012.12.27"]
[Round "2"]
[White "Reimann, Matthias"]
[Black "Brungs, Sven"]
[Result "1/2-1/2"]
[Termination "normal"]
[Board "1.3"]
[WhiteElo "1607"]
[BlackElo "1921"]
[WhiteTeam "SK 1908 Göggingen"]
[BlackTeam "SG Porz"]
[WhiteFideId "12928046"]
[BlackFideId "12946257"]
[EventCountry "GER"]
[EventRounds "7"]
[EventType "team-swiss"]
[EventDate "2012.12.26"]

1. c4 e5 2. Nc3 Nf6 3. Nf3 e4 4. Ng5 d5 5. cxd5 Nxd5 6. Qa4+ c6 7. Qxe4+ Be7 8.
Nf3 Nf6 9. Qc2 O-O 10. g3 Bg4 11. Bg2 Re8 12. O-O Bb4 13. Re1 Qb6 14. d3 Nbd7
15. Be3 Qd8 16. h3 Bh5 17. a3 Ba5 18. Qb3 Qc8 19. Ng5 h6 20. Nge4 Nxe4 21. Bxe4
Nf6 22. Bg2 Qd7 23. Rac1 Re7 24. Rc2 Bg6 25. Rd1 Bf5 26. Kh2 Be6 27. Qa4 Bc7
28. Rcd2 a6 29. Qd4 Bd6 30. Bf4 Bxf4 31. Qxf4 Bb3 32. Re1 Nd5 33. Nxd5 Bxd5 34.
Bxd5 Qxd5 35. Qc4 Qa5 36. Qc3 Qb6 37. Kg2 Rae8 38. Rc2 Qc7 39. b4 Rd7 40. Rcc1
Qd6 41. Qc5 Qf6 42. Qc3 Qd6 43. Qc5 Qf6 1/2-1/2

[Event "DVM U14 2012"]
[Site "Magdeburg GER"]
[Date "2012.12.27"]
[Round "2"]
[White "Yang, Daniel"]
[Black "Artz, Tobias"]
[Result "0-1"]
[Termination "normal"]
[Board "1.4"]
[WhiteElo "1576"]
[BlackElo "1375"]
[WhiteTeam "SG Porz"]
[BlackTeam "SK 1908 Göggingen"]
[WhiteFideId "12946273"]
[BlackFideId "12928127"]
[EventCountry "GER"]
[EventRounds "7"]
[EventType "team-swiss"]
[EventDate "2012.12.26"]

1. d4 Nf6 2. Nf3 d5 3. g3 Bg4 4. Bg2 Nc6 5. O-O h6 6. b3 e6 7. Bb2 Bb4 8. a3
Bd6 9. Nbd2 Qd7 10. c4 dxc4 11. Nxc4 Rd8 12. Rc1 O-O 13. Re1 Rfe8 14. e4 Bxf3
15. Qxf3 e5 16. dxe5 Bxe5 17. Red1 Qe7 18. Nxe5 Nxe5 19. Bxe5 Qxe5 20. Rxd8
Rxd8 21. Qe3 a6 22. f4 Qb5 23. Rxc7 Rd1+ 24. Kf2 Ng4+ 25. Kf3 Nxe3 26. Kf2 Nxg2
27. Kxg2 Qf1# 0-1

[Event "DVM U14 2012"]
[Site "Magdeburg GER"]
[Date "2012.12.27"]
[Round "2"]
[White "Greßmann, Moritz"]
[Black "Bingert, Tim Niklas"]
[Result "0-1"]
[Termination "normal"]
[Board "2.1"]
[WhiteElo "1853"]
[BlackElo "1973"]
[WhiteTeam "BSV 63 Chemie Weißensee"]
[BlackTeam "SK Langen"]
[WhiteFideId "24695084"]
[BlackFideId "12917907"]
[EventCountry "GER"]
[EventRounds "7"]
[EventType "team-swiss"]
[EventDate "2012.12.26"]

1. e4 c5 2. Nf3 Nc6 3. Bb5 e6 4. Bxc6 bxc6 5. O-O f6 6. Nc3 Nh6 7. Re1 e5 8. d3
Nf7 9. Nh4 d6 10. Ne2 Be7 11. Ng3 g6 12. Nf3 Be6 13. c3 O-O 14. d4 Qc7 15. d5
cxd5 16. exd5 Bd7 17. c4 f5 18. h4 Bf6 19. Ng5 Rae8 20. Nxf7 Rxf7 21. Bg5 Qd8
22. Qd2 h6 23. Bxf6 Qxf6 24. Qxh6 Rh7 25. Qg5 Kg7 26. Qxf6+ Kxf6 27. b3 Rxh4
28. f3 e4 29. Nf1 exf3 30. Rxe8 Bxe8 31. gxf3 g5 32. Re1 Bd7 33. Kg2 Rh8 34.
Ng3 Re8 35. Rh1 Kg6 36. Kf2 a5 37. Ne2 f4 38. Nc3 g4 39. Ne4 g3+ 40. Kg2 Bf5
41. Re1 Re7 42. Re2 Bxe4 43. fxe4 Kf6 44. Re1 Rh7 45. e5+ dxe5 46. d6 Ke6 47.
Rd1 e4 0-1

[Event "DVM U14 2012"]
[Site "Magdeburg GER"]
[Date "2012.12.27"]
[Round "2"]
[White "Koch, Elisabeth"]
[Black "Özdemir, Ali Özden"]
[Result "1-0"]
[Termination "normal"]
[Board "2.3"]
[WhiteElo "1690"]
[BlackElo "1848"]
[WhiteTeam "BSV 63 Chemie Weißensee"]
[BlackTeam "SK Langen"]
[WhiteFideId "24695068"]
[BlackFideId "12952745"]
[EventCountry "GER"]
[EventRounds "7"]
[EventType "team-swiss"]
[EventDate "2012.12.26"]

1. e4 c5 2. Nc3 Nc6 3. f4 e6 4. Nf3 d5 5. e5 Nge7 6. g3 h5 7. Bh3 a6 8. O-O Nf5
9. a4 Nfd4 10. Nxd4 Nxd4 11. Ne2 Nxe2+ 12. Qxe2 g6 13. b3 Bd7 14. Bb2 Qc7 15.
d4 O-O-O 16. c4 Kb8 17. cxd5 exd5 18. Bg2 Be6 19. Rfc1 Qb6 20. Kh1 h4 21. g4
cxd4 22. h3 Qxb3 23. Bxd4 Rc8 24. Rcb1 Qc4 25. Qb2 Qc6 26. Bf1 Be7 27. Rc1 Qd7
28. Qb6 Rc4 29. Bxc4 dxc4 30. Qa7+ Kc8 31. Rab1 Bd5+ 32. Kh2 Bc6 33. Qa8+ Kc7
34. Bb6# 1-0

[Event "DVM U14 2012"]
[Site "Magdeburg GER"]
[Date "2012.12.27"]
[Round "2"]
[White "Reidl, Jorit"]
[Black "Greßmann, Hanna"]
[Result "1-0"]
[Termination "normal"]
[Board "2.4"]
[WhiteElo "1058"]
[BlackElo "1533"]
[WhiteTeam "SK Langen"]
[BlackTeam "BSV 63 Chemie Weißensee"]
[WhiteFideId "12964760"]
[BlackFideId "12930709"]
[EventCountry "GER"]
[EventRounds "7"]
[EventType "team-swiss"]
[EventDate "2012.12.26"]

1. Nf3 d5 2. g3 Bg4 3. Bg2 e6 4. O-O Nd7 5. d3 Ngf6 6. Nbd2 Be7 7. h3 Bh5 8.
Qe1 O-O 9. e4 dxe4 10. dxe4 e5 11. b3 Bb4 12. Bb2 Re8 13. a3 Bc5 14. Rd1 Qe7
15. b4 Bb6 16. c4 a5 17. c5 Ba7 18. Nc4 Bxf3 19. Bxf3 Qe6 20. Nxa5 Qxh3 21.
Nxb7 Reb8 22. c6 Qxg3+ 23. Kh1 Qxf3+ 24. Kg1 Qg3+ 25. Kh1 Ng4 26. fxg3 1-0

[Event "DVM U14 2012"]
[Site "Magdeburg GER"]
[Date "2012.12.27"]
[Round "2"]
[White "Flüchter, Gregor"]
[Black "Bauer, Björn-Benny"]
[Result "0-1"]
[Termination "normal"]
[Board "3.1"]
[WhiteElo "2007"]
[BlackElo "2022"]
[WhiteTeam "Schachfreunde Brackel 1930"]
[BlackTeam "SK Gau-Algesheim"]
[WhiteFideId "12903396"]
[BlackFideId "24698741"]
[EventCountry "GER"]
[EventRounds "7"]
[EventType "team-swiss"]
[EventDate "2012.12.26"]

1. e4 c5 2. Nf3 Nc6 3. c3 Nf6 4. e5 Nd5 5. d4 cxd4 6. Bc4 e6 7. cxd4 d6 8. exd6
Bxd6 9. O-O O-O 10. Nc3 a6 11. a3 Be7 12. Be3 b5 13. Bd3 Bb7 14. Rc1 Nxc3 15.
Rxc3 Qd5 16. Bc2 Rad8 17. Bb3 Qd6 18. Qe2 Na5 19. Ba2 Rc8 20. Rfc1 Rxc3 21.
Rxc3 Rd8 22. h3 Bd5 23. Bxd5 Qxd5 24. b4 Nc4 25. Nd2 Rc8 26. Nb3 Bf6 27. Qd3
Rd8 28. Nc5 Qc6 29. Qd1 e5 30. d5 Rxd5 31. Qf3 e4 32. Nxe4 Bxc3 33. Nxc3 Nxe3
34. Qxe3 Rd8 35. Ne2 0-1

[Event "DVM U14 2012"]
[Site "Magdeburg GER"]
[Date "2012.12.27"]
[Round "2"]
[White "Grieb, Lukas"]
[Black "Birnkraut, Tim"]
[Result "0-1"]
[Termination "normal"]
[Board "3.2"]
[WhiteElo "1599"]
[BlackElo "1768"]
[WhiteTeam "SK Gau-Algesheim"]
[BlackTeam "Schachfreunde Brackel 1930"]
[WhiteFideId "1271993"]
[BlackFideId "24609587"]
[EventCountry "GER"]
[EventRounds "7"]
[EventType "team-swiss"]
[EventDate "2012.12.26"]

1. e4 e5 2. Nf3 Nc6 3. Bc4 Bc5 4. Nc3 Nf6 5. d3 d6 6. Bg5 Bg4 7. Nd5 h6 8.
Nxf6+ gxf6 9. Be3 Bb6 10. c3 Na5 11. Bb3 Nxb3 12. Qxb3 Be6 13. c4 c6 14. d4 Qc7
15. d5 Bd7 16. Rc1 Bxe3 17. fxe3 f5 18. Rc3 fxe4 19. Nd2 f5 20. Qd1 O-O-O 21.
b4 cxd5 22. Qb3 d4 23. exd4 exd4 24. Rg3 Rdg8 25. Rxg8+ Rxg8 26. O-O Be6 27.
Qa3 a6 28. c5 dxc5 29. Rc1 c4 30. Qh3 Qf4 0-1

[Event "DVM U14 2012"]
[Site "Magdeburg GER"]
[Date "2012.12.27"]
[Round "2"]
[White "Jusman, Jesse Samuel"]
[Black "Stemmler, Fabian"]
[Result "0-1"]
[Termination "normal"]
[Board "3.4"]
[WhiteElo "1138"]
[BlackElo "1348"]
[WhiteTeam "SK Gau-Algesheim"]
[BlackTeam "Schachfreunde Brackel 1930"]
[WhiteFideId "12926043"]
[BlackFideId "12964808"]
[EventCountry "GER"]
[EventRounds "7"]
[EventType "team-swiss"]
[EventDate "2012.12.26"]

1. e4 e6 2. d4 d5 3. exd5 exd5 4. Nc3 Nf6 5. Nf3 Bb4 6. Bg5 O-O 7. Bd3 Bg4 8.
h3 Bh5 9. Qd2 Re8+ 10. Be2 Qe7 11. Be3 Nc6 12. O-O Ne4 13. Qd3 Nxc3 14. bxc3
Bd6 15. Rab1 b6 16. Rb5 Bg6 17. Qd2 Qd7 18. Rxd5 Bh2+ 19. Kxh2 Qxd5 20. c4 Qa5
21. c3 Qf5 22. Nh4 Qc2 23. Rd1 Qxd2 24. Rxd2 Rad8 25. Bg5 f6 26. Bf4 Re7 27. d5
Ne5 28. Be3 Red7 29. f4 Nc6 30. c5 Rxd5 31. Bc4 Bf7 32. Bxd5 Rxd5 33. cxb6 cxb6
34. Rxd5 Bxd5 35. Kg3 Bxa2 36. Kf3 Kf7 37. Ke4 Bc4 38. Nf5 Bf1 39. Kf3 g6 40.
Nd4 Nxd4+ 41. cxd4 b5 42. d5 a5 43. Kf2 Bc4 44. d6 Ke6 45. Bc5 b4 46. Ke1 b3
47. Ba3 a4 48. Kd2 Bf1 49. g3 Bxh3 50. Kd3 Bf1+ 51. Kd2 Bb5 52. Kc3 Bd7 53. Kd3
Kd5 54. Kd2 Kc4 55. Kc1 f5 56. Kd2 Kd4 57. Bb2+ Ke4 58. Ke2 Bb5+ 59. Kf2 Kd3
60. Ke1 Kc2 61. Ba3 b2 0-1

[Event "DVM U14 2012"]
[Site "Magdeburg GER"]
[Date "2012.12.27"]
[Round "2"]
[White "Rausch, Adrian"]
[Black "Altstadt, Karl-Simon"]
[Result "1/2-1/2"]
[Termination "normal"]
[Board "4.1"]
[WhiteElo "1751"]
[BlackElo "1807"]
[WhiteTeam "SV Backnang"]
[BlackTeam "USV Volksbank Halle"]
[WhiteFideId "12929069"]
[BlackFideId "24696676"]
[EventCountry "GER"]
[EventRounds "7"]
[EventType "team-swiss"]
[EventDate "2012.12.26"]

1. d4 Nf6 2. c4 c5 3. d5 b5 4. cxb5 a6 5. b6 Qxb6 6. Nc3 d6 7. a4 g6 8. a5 Qc7
9. e4 Bg7 10. Bc4 O-O 11. Nge2 Nbd7 12. f3 Ne5 13. Bd3 Nxd3+ 14. Qxd3 Bd7 15.
O-O Rfb8 16. Qc2 Bb5 17. Ra3 Nd7 18. f4 Rb7 19. Rf3 Bxe2 20. Qxe2 Rb4 21. g4
Bd4+ 22. Kg2 Nf6 23. g5 Nh5 24. f5 Qd7 25. h3 1/2-1/2

[Event "DVM U14 2012"]
[Site "Magdeburg GER"]
[Date "2012.12.27"]
[Round "2"]
[White "Kretzschmar, Arnd"]
[Black "Maier, Lukas"]
[Result "0-1"]
[Termination "normal"]
[Board "4.2"]
[WhiteElo "1736"]
[BlackElo "1693"]
[WhiteTeam "USV Volksbank Halle"]
[BlackTeam "SV Backnang"]
[WhiteFideId "12914835"]
[BlackFideId "12946184"]
[EventCountry "GER"]
[EventRounds "7"]
[EventType "team-swiss"]
[EventDate "2012.12.26"]

1. e4 e5 2. Nf3 Nc6 3. Bc4 Bc5 4. b4 Bxb4 5. c3 Ba5 6. d4 exd4 7. O-O d6 8.
cxd4 Bb6 9. Nc3 Nf6 10. e5 dxe5 11. dxe5 Qxd1 12. Rxd1 Ng4 13. Rd2 O-O 14. Re2
Nd4 15. Re4 Nxf3+ 16. gxf3 Nxf2 0-1

[Event "DVM U14 2012"]
[Site "Magdeburg GER"]
[Date "2012.12.27"]
[Round "2"]
[White "Soos, Philipp"]
[Black "Schulte, Felix"]
[Result "0-1"]
[Termination "normal"]
[Board "4.3"]
[WhiteElo "1604"]
[BlackElo "1779"]
[WhiteTeam "SV Backnang"]
[BlackTeam "USV Volksbank Halle"]
[WhiteFideId "12943967"]
[BlackFideId "12914800"]
[EventCountry "GER"]
[EventRounds "7"]
[EventType "team-swiss"]
[EventDate "2012.12.26"]

1. e4 c5 2. Nf3 d6 3. Nc3 a6 4. a4 Nc6 5. Bc4 e6 6. d3 Nf6 7. Bg5 Be7 8. O-O
O-O 9. Re1 Nd7 10. Qd2 Nce5 11. Nxe5 Bxg5 12. f4 Bh4 13. g3 dxe5 14. gxh4 Qxh4
15. fxe5 Nxe5 16. Rf1 b6 17. Bb3 Bb7 18. Rf4 Qg5+ 19. Kh1 Ng6 20. Rf2 Qxd2 21.
Rxd2 Rfd8 22. Rg2 Ne5 23. Ne2 c4 24. Rg5 cxb3 25. Rxe5 bxc2 26. Nc1 Rd6 27. b4
f6 28. Rh5 Rad8 29. Rh3 f5 30. Re3 Rd4 31. b5 axb5 32. axb5 fxe4 33. dxe4 Rxe4
34. Rxe4 Bxe4+ 35. Kg1 Ra8 36. Rxa8+ Bxa8 37. Kf2 Bd5 38. Ke3 Bc4 39. Kd2 Bxb5
40. Kxc2 Kf7 41. Kb3 Kf6 42. Kb4 Bd7 43. Ne2 Ke5 0-1

[Event "DVM U14 2012"]
[Site "Magdeburg GER"]
[Date "2012.12.27"]
[Round "2"]
[White "Hartge, Gedeon"]
[Black "Zouani, Samir"]
[Result "1/2-1/2"]
[Termination "normal"]
[Board "4.4"]
[WhiteElo "1626"]
[BlackElo "1486"]
[WhiteTeam "USV Volksbank Halle"]
[BlackTeam "SV Backnang"]
[WhiteFideId "12932116"]
[BlackFideId "12946206"]
[EventCountry "GER"]
[EventRounds "7"]
[EventType "team-swiss"]
[EventDate "2012.12.26"]

1. d4 d5 2. c4 e6 3. Nf3 Nf6 4. Bg5 Nbd7 5. Nc3 c6 6. e3 Bb4 7. cxd5 exd5 8.
Bd3 Qa5 9. Qc2 h6 10. Bh4 O-O 11. O-O Bxc3 12. bxc3 Re8 13. c4 Ne4 14. Rfd1
Ndf6 15. Bxf6 Nxf6 16. cxd5 Qxd5 17. Bc4 Qh5 18. Qb3 b5 19. Be2 Be6 20. Qc2 Bd5
21. Ne1 Qg5 22. Bf3 Bxf3 23. Nxf3 Qd5 24. Qb3 Rac8 25. Rdc1 Rc7 26. Rc5 Qxb3
27. axb3 Ne4 28. Rc2 f6 29. Rac1 Rec8 30. b4 Nd6 31. Nd2 Nb7 32. Nb3 Kf8 33. d5
Nd8 34. Nd4 Ke7 35. dxc6 a6 36. f3 g6 37. e4 Kd6 38. Ra1 Ke5 39. Nb3 Rxc6 40.
Rc5+ Rxc5 41. Nxc5 Ra8 42. Rxa6 Rxa6 43. Nxa6 Nc6 44. Nc7 Na7 45. Kf2 Kd4 46.
h4 Kc4 47. Nd5 Nc6 48. Nxf6 Nxb4 49. Ng4 Nd3+ 50. Ke2 Kc3 51. Ne3 b4 52. Nd5+
Kc4 53. Nxb4 Nxb4 54. Ke3 Nc6 55. Kf4 Kd4 56. g4 Ne5 57. h5 1/2-1/2

[Event "DVM U14 2012"]
[Site "Magdeburg GER"]
[Date "2012.12.27"]
[Round "2"]
[White "Renger, Niklas"]
[Black "Heinemann, Josefine"]
[Result "0-1"]
[Termination "normal"]
[Board "5.1"]
[WhiteElo "1769"]
[BlackElo "1902"]
[WhiteTeam "SG Grün-Weiß Dresden"]
[BlackTeam "USC Magdeburg"]
[WhiteFideId "12908096"]
[BlackFideId "12900460"]
[EventCountry "GER"]
[EventRounds "7"]
[EventType "team-swiss"]
[EventDate "2012.12.26"]

1. e4 c5 2. Nf3 d6 3. d4 cxd4 4. Nxd4 Nf6 5. Nc3 a6 6. Be3 e6 7. f3 Nbd7 8. Qd2
b5 9. O-O-O Bb7 10. g4 h6 11. h4 Rc8 12. Kb1 Ne5 13. Bd3 Nfd7 14. Qf2 Qc7 15.
Nb3 Ba8 16. Rc1 Nc4 17. Bxc4 bxc4 18. Nd4 Rb8 19. g5 hxg5 20. hxg5 Rxh1 21.
Rxh1 g6 22. Bc1 Qb6 23. Qe3 Bg7 24. Nde2 Qxe3 25. Bxe3 Kf8 26. Rd1 Ke7 27. Bd4
Bh8 28. Rh1 Bxd4 29. Nxd4 Ne5 30. Nce2 Nd7 31. Ng3 d5 32. Rd1 dxe4 33. Nxe4
Bxe4 34. fxe4 Ne5 35. c3 Rh8 36. b3 cxb3 37. axb3 Rh4 38. Re1 Rg4 39. c4 Rxg5
40. Kc2 Kd6 41. Rd1 Kc5 42. Kb2 Rg4 43. Kc3 Rg3+ 44. Kc2 Re3 0-1

[Event "DVM U14 2012"]
[Site "Magdeburg GER"]
[Date "2012.12.27"]
[Round "2"]
[White "Geue, Niklas"]
[Black "Sack, Carl-Anton"]
[Result "1-0"]
[Termination "normal"]
[Board "5.2"]
[WhiteElo "1531"]
[BlackElo "1446"]
[WhiteTeam "USC Magdeburg"]
[BlackTeam "SG Grün-Weiß Dresden"]
[WhiteFideId "12961043"]
[BlackFideId "1270309"]
[EventCountry "GER"]
[EventRounds "7"]
[EventType "team-swiss"]
[EventDate "2012.12.26"]

1. e4 c5 2. Nf3 d6 3. d4 cxd4 4. Nxd4 Nf6 5. Nc3 a6 6. Be3 e6 7. f3 Nbd7 8. Qd2
b5 9. O-O-O Bb7 10. g4 Nb6 11. Qf2 Nfd7 12. a3 Rc8 13. Kb1 Rxc3 14. bxc3 d5 15.
Bc1 dxe4 16. fxe4 Bxe4 17. Bg2 Bxg2 18. Qxg2 Nd5 19. Qf3 Qa5 20. Bb2 Bxa3 21.
Nb3 Qa4 22. Bxa3 Qxa3 23. Rxd5 exd5 24. Re1+ Kd8 25. Qxd5 Rf8 26. Rd1 Qe7 27.
Nc5 Kc8 28. Qb7+ Kd8 29. Qb8# 1-0

[Event "DVM U14 2012"]
[Site "Magdeburg GER"]
[Date "2012.12.27"]
[Round "2"]
[White "Michel, Richard"]
[Black "Fahsel, Nico"]
[Result "0-1"]
[Termination "normal"]
[Board "5.3"]
[WhiteElo "1596"]
[BlackElo "1499"]
[WhiteTeam "SG Grün-Weiß Dresden"]
[BlackTeam "USC Magdeburg"]
[WhiteFideId "1270310"]
[BlackFideId "1270256"]
[EventCountry "GER"]
[EventRounds "7"]
[EventType "team-swiss"]
[EventDate "2012.12.26"]

1. e4 c5 2. Nf3 Nc6 3. d4 cxd4 4. Nxd4 g6 5. Be3 Bg7 6. Nc3 d6 7. Bc4 Nf6 8. f3
Bd7 9. Qd2 Rc8 10. Bb3 Ne5 11. O-O-O Nc4 12. Bxc4 Rxc4 13. Kb1 a5 14. g4 Qb8
15. Nde2 b5 16. Bh6 O-O 17. Bxg7 Kxg7 18. h4 b4 19. Nd5 Nxd5 20. exd5 Rfc8 21.
Rc1 f5 22. gxf5 Bxf5 23. Nd4 Bd7 24. h5 Qb6 25. hxg6 hxg6 26. Qh6+ Kf7 27. Rcg1
Rg8 28. Qh7+ Rg7 29. Qh8 Qxd4 30. Rd1 Qf2 31. Rh7 Qxc2+ 0-1

[Event "DVM U14 2012"]
[Site "Magdeburg GER"]
[Date "2012.12.27"]
[Round "2"]
[White "Hoang, Viet Long"]
[Black "Schuler, Max"]
[Result "1-0"]
[Termination "normal"]
[Board "5.4"]
[WhiteElo "1438"]
[BlackElo "1529"]
[WhiteTeam "USC Magdeburg"]
[BlackTeam "SG Grün-Weiß Dresden"]
[WhiteFideId "12964824"]
[BlackFideId "12964913"]
[EventCountry "GER"]
[EventRounds "7"]
[EventType "team-swiss"]
[EventDate "2012.12.26"]

1. e4 c5 2. Nf3 e6 3. d4 cxd4 4. Nxd4 a6 5. Nc3 Qc7 6. Bd2 Nf6 7. Bd3 b5 8. Nf3
Nc6 9. Ne2 Bb7 10. Ng3 Be7 11. O-O O-O 12. Re1 d6 13. c3 Rad8 14. Bf4 Rfe8 15.
Qc2 e5 16. Bg5 h6 17. Bxf6 Bxf6 18. Rad1 Ne7 19. Nh5 Bg5 20. Nxg5 hxg5 21. Qe2
Ng6 22. Qg4 f6 23. Bc2 Nf4 24. Nxf4 gxf4 25. Bb3+ Kf8 26. Qh4 Rd7 27. Qh8+ Ke7
28. Qxg7+ Kd8 29. Qxf6+ Ree7 30. Be6 Kc8 31. Qf8+ 1-0

[Event "DVM U14 2012"]
[Site "Magdeburg GER"]
[Date "2012.12.27"]
[Round "2"]
[White "Sawlin, Leonid"]
[Black "Scholz, Robert"]
[Result "1/2-1/2"]
[Termination "normal"]
[Board "6.1"]
[WhiteElo "1969"]
[BlackElo "1891"]
[WhiteTeam "TuS Makkabi Berlin"]
[BlackTeam "USV TU Dresden"]
[WhiteFideId "4689542"]
[BlackFideId "1270301"]
[EventCountry "GER"]
[EventRounds "7"]
[EventType "team-swiss"]
[EventDate "2012.12.26"]

1. e4 c5 2. Nf3 Nc6 3. d4 cxd4 4. Nxd4 e5 5. Nb5 d6 6. N1c3 a6 7. Na3 Be7 8.
Nc4 b5 9. Ne3 Nf6 10. g3 O-O 11. Bg2 b4 12. Ncd5 Nxd5 13. Nxd5 Bg5 14. Bxg5
Qxg5 15. O-O Rd8 16. Qd3 Be6 17. Ne3 Qe7 18. a3 a5 19. axb4 axb4 20. Qb5 Qc7
21. Rfd1 Rxa1 22. Rxa1 Rb8 23. Qd3 Nd4 24. f4 f6 25. f5 Bf7 26. g4 Rc8 27. Bf1
h6 28. Rc1 Nb3 29. Rd1 Nd4 30. Rc1 Nb3 31. Rd1 Nd4 32. Qa6 Qc5 33. Kh1 Nxc2 34.
Rc1 b3 35. Bd3 Qxe3 36. Qxc8+ Kh7 37. Rxc2 Qxd3 38. Rf2 Qxe4+ 39. Kg1 Qxg4+ 40.
Rg2 Qd1+ 41. Kf2 Qd2+ 42. Kf1 Qd1+ 43. Kf2 1/2-1/2

[Event "DVM U14 2012"]
[Site "Magdeburg GER"]
[Date "2012.12.27"]
[Round "2"]
[White "Fuchs, Sebastian"]
[Black "Schmidek, Emil"]
[Result "1/2-1/2"]
[Termination "normal"]
[Board "6.2"]
[WhiteElo "1673"]
[BlackElo "1882"]
[WhiteTeam "USV TU Dresden"]
[BlackTeam "TuS Makkabi Berlin"]
[BlackFideId "12908150"]
[EventCountry "GER"]
[EventRounds "7"]
[EventType "team-swiss"]
[EventDate "2012.12.26"]

1. e4 e5 2. Nf3 Nc6 3. Bb5 a6 4. Ba4 Nf6 5. O-O b5 6. Bb3 Be7 7. Re1 O-O 8. c3
d5 9. exd5 Nxd5 10. Nxe5 Nxe5 11. Rxe5 c6 12. d4 Bd6 13. Re1 Qh4 14. g3 Qh3 15.
Qf3 Bg4 16. Qg2 Qh5 17. h4 Bf3 18. Qh2 Rae8 19. Bd2 Qg4 20. Na3 Nf4 21. Bxf4
Bxf4 22. Nc2 Bd2 23. Rxe8 Rxe8 24. Nb4 Kf8 25. Nd3 f6 26. Nc5 Re2 27. Rf1 Be3
28. h5 Qf5 29. Ne6+ Ke7 30. Nxg7 Qe4 31. Bd1 Rxf2 32. Rxf2 Qb1 33. Nf5+ Qxf5
34. Bxf3 Qxf3 35. Qg2 Qd1+ 36. Qf1 Bxf2+ 37. Kxf2 Qxh5 38. Qe2+ Qxe2+ 39. Kxe2
Ke6 40. Ke3 Kf5 41. Kf3 a5 42. b3 a4 43. bxa4 bxa4 44. a3 Ke6 45. Ke3 f5 46. c4
1/2-1/2

[Event "DVM U14 2012"]
[Site "Magdeburg GER"]
[Date "2012.12.27"]
[Round "2"]
[White "Hübner, Alan-Ari"]
[Black "Reiche, Niccolò"]
[Result "0-1"]
[Termination "normal"]
[Board "6.3"]
[WhiteElo "1789"]
[BlackElo "1671"]
[WhiteTeam "TuS Makkabi Berlin"]
[BlackTeam "USV TU Dresden"]
[WhiteFideId "12903965"]
[BlackFideId "12964778"]
[EventCountry "GER"]
[EventRounds "7"]
[EventType "team-swiss"]
[EventDate "2012.12.26"]

1. d4 d5 2. c4 dxc4 3. Nf3 Nf6 4. e3 Nc6 5. Bxc4 e6 6. Nc3 Bb4 7. O-O O-O 8. a3
Bxc3 9. bxc3 Bd7 10. Rb1 Rb8 11. Qe2 Nd5 12. Qc2 Nce7 13. Bd3 Ng6 14. c4 Nb6
15. e4 c5 16. d5 exd5 17. exd5 Bg4 18. Ng5 h6 19. Nxf7 Rxf7 20. Bxg6 Rf8 21.
Rb3 Qf6 22. Bb2 Bf5 23. Bxf5 Qxf5 24. Qxf5 Rxf5 25. Rc1 Rbf8 26. f3 Rf4 27.
Rbc3 Re8 28. Kf2 Rd4 29. R3c2 Rd3 30. Re2 Rxe2+ 31. Kxe2 Rb3 32. Rc2 Nxc4 33.
Rxc4 Rxb2+ 34. Kf1 b6 35. Re4 Rd2 36. Re5 c4 37. Ke1 c3 38. Re3 Rxd5 39. Rxc3
Rd7 40. Ke2 Kf7 41. Re3 Re7 42. Rxe7+ Kxe7 43. Ke3 Kd6 44. Kd4 b5 45. h4 a5 46.
g4 b4 47. axb4 axb4 48. f4 b3 49. Kc3 Kd5 50. g5 h5 51. f5 Ke5 52. f6 gxf6 53.
g6 Ke6 54. Kxb3 f5 55. g7 Kf7 56. g8=Q+ Kxg8 57. Kc4 Kf7 58. Kd5 Kf6 59. Kd4
Ke6 60. Kd3 Ke5 61. Ke3 f4+ 62. Kf2 Ke4 63. Ke2 f3+ 64. Kf2 Kf4 65. Kf1 Kg3 66.
Kg1 Kxh4 67. Kf2 Kg4 68. Kf1 Kg3 69. Kg1 f2+ 70. Kf1 h4 0-1

[Event "DVM U14 2012"]
[Site "Magdeburg GER"]
[Date "2012.12.27"]
[Round "2"]
[White "Schamschurko, André"]
[Black "Wierzbicki, Jirawat"]
[Result "0-1"]
[Termination "normal"]
[Board "6.4"]
[WhiteElo "1720"]
[BlackElo "1669"]
[WhiteTeam "USV TU Dresden"]
[BlackTeam "TuS Makkabi Berlin"]
[WhiteFideId "24695670"]
[BlackFideId "1153579"]
[EventCountry "GER"]
[EventRounds "7"]
[EventType "team-swiss"]
[EventDate "2012.12.26"]

1. e4 e5 2. Nf3 Nc6 3. Bc4 Nf6 4. d3 Be7 5. c3 O-O 6. Bb3 d5 7. exd5 Nxd5 8.
O-O Be6 9. Bc2 Qd7 10. Nbd2 Rad8 11. Ne4 f6 12. b4 f5 13. b5 fxe4 14. bxc6 Qxc6
15. dxe4 Nxc3 16. Qe1 Nxa2 17. Bb1 Nxc1 18. Qxc1 Qb6 19. Ba2 Bxa2 20. Rxa2 Bf6
21. Rb2 Qc6 22. Qxc6 bxc6 23. Rb7 Ra8 24. Rc1 Rfd8 25. Rxc7 Rdc8 26. R7xc6 Rxc6
27. Rxc6 a5 28. Rc2 a4 29. Nd2 a3 30. Ra2 Ra4 31. f3 Bg5 32. Nb1 Be7 33. Kf2
Kf7 34. Ke3 Rc4 35. Kd3 Rc7 36. Ra1 Rc1 37. Kd2 Rg1 38. Kc2 Rxg2+ 39. Nd2 Bg5
0-1

[Event "DVM U14 2012"]
[Site "Magdeburg GER"]
[Date "2012.12.27"]
[Round "2"]
[White "Beeck, Mats"]
[Black "Wulfhorst, Noah"]
[Result "0-1"]
[Termination "normal"]
[Board "7.1"]
[WhiteElo "1794"]
[BlackElo "1619"]
[WhiteTeam "SK Doppelbauer Kiel"]
[BlackTeam "Gütersloher SV"]
[WhiteFideId "12936944"]
[BlackFideId "12964956"]
[EventCountry "GER"]
[EventRounds "7"]
[EventType "team-swiss"]
[EventDate "2012.12.26"]

1. d4 Nf6 2. c4 c5 3. d5 e6 4. Nc3 exd5 5. cxd5 d6 6. e4 g6 7. Nf3 a6 8. a4 Bg7
9. Be2 O-O 10. O-O Re8 11. Nd2 Nbd7 12. Qc2 b6 13. Nc4 Qc7 14. Ra3 Ne5 15. h3
Nfd7 16. f4 Nxc4 17. Bxc4 h6 18. Be3 Nf6 19. Kh1 Kh7 20. Bg1 Nh5 21. Bh2 f5 22.
exf5 Bxf5 23. Bd3 Bxd3 24. Qxd3 Nf6 25. h4 Qd7 26. h5 Nxh5 27. f5 Nf6 28. fxg6+
Kh8 29. Ne2 Rf8 30. Nf4 Ng4 31. Qh3 Rae8 32. Raf3 Be5 33. Ne6 Rxf3 34. Rxf3
Qxa4 35. Bxe5+ dxe5 36. Rf1 Qc4 37. Rf8+ Rxf8 38. g7+ Kh7 39. gxf8=N+ Kg8 0-1